|
|
|
|
| LEADER |
00000nam0a2200000 4500 |
| 001 |
332966 |
| 005 |
20231102004516.0 |
| 011 |
|
|
|a 0135-3217
|
| 035 |
|
|
|a (RuTPU)RU\TPU\book\358961
|
| 035 |
|
|
|a RU\TPU\book\358960
|
| 090 |
|
|
|a 332966
|
| 100 |
|
|
|a 20170605d1977 k y0rusy5003 ca
|
| 101 |
0 |
|
|a rus
|
| 102 |
|
|
|a RU
|
| 105 |
|
|
|a a z 001zy
|
| 200 |
1 |
|
|a Научные исследования в области водоснабжения
|f Всесоюзный научно-исследовательский институт водоснабжения, канализации, гидротехнических сооружений и инженерной гидрогеологии (НИИ ВОДГЕО, ВНИИводгео) ; науч. ред. Л. Ф. Мошнин
|
| 210 |
|
|
|a Москва
|c Изд-во ВНИИ ВОДГЕО
|d 1977
|
| 215 |
|
|
|a 50 с.
|c ил.
|
| 225 |
1 |
|
|a Труды института ВОДГЕО
|v Вып. 66
|
| 320 |
|
|
|a Библиогр. в конце ст.
|
| 606 |
1 |
|
|a Водоснабжение
|2 stltpush
|3 (RuTPU)RU\TPU\subj\69529
|9 84347
|
| 610 |
1 |
|
|a системы охлаждения
|
| 610 |
1 |
|
|a замкнутые системы
|
| 610 |
1 |
|
|a электронообменные фильтры
|
| 610 |
1 |
|
|a отмершие водные растения
|
| 610 |
1 |
|
|a бактериальный распад
|
| 610 |
1 |
|
|a азотистые соединения
|
| 610 |
1 |
|
|a регенерация
|
| 610 |
1 |
|
|a динамические условия
|
| 610 |
1 |
|
|a обессоленные воды
|
| 610 |
1 |
|
|a медь
|
| 610 |
1 |
|
|a коррозия
|
| 610 |
1 |
|
|a сбросные воды
|
| 610 |
1 |
|
|a биохимическая очистка
|
| 610 |
1 |
|
|a нитраты
|
| 610 |
1 |
|
|a лабораторные исследования
|
| 610 |
1 |
|
|a речные воды
|
| 610 |
1 |
|
|a стабилизация
|
| 610 |
1 |
|
|a транспортирование
|
| 675 |
|
|
|a 628.1
|z rus
|v 4
|
| 702 |
|
1 |
|a Мошнин
|b Л. Ф.
|4 340
|
| 712 |
0 |
2 |
|a Всесоюзный научно-исследовательский институт водоснабжения, канализации, гидротехнических сооружений и инженерной гидрогеологии (НИИ ВОДГЕО, ВНИИводгео)
|c (Москва)
|2 stltpush
|3 (RuTPU)RU\TPU\col\4603
|
| 801 |
|
0 |
|a RU
|b 63413507
|c 19950704
|g psbo
|
| 801 |
|
1 |
|a RU
|b 63413507
|c 20151110
|
| 801 |
|
2 |
|a RU
|b 63413507
|c 20170614
|g RCR
|
| 942 |
|
|
|c BK
|